00739nam a22002057a 4500999001900000005001700019010001500036020002700051035001400078037001300092082001300105245007200118250000900190260004500199270006700244300002900311700003100340942002700371952013500398 c180390d18039020210809113935.0 aENG-129685 c2195.00a9780199487394 aEN-113217 bDBAD/PUB a792.0954 aA Poetics of Modernity:bIndian Theatre Theory 1850 to the Present/ a2019 aNew DelhibOxford University Pressc2018 a2/11 Ground floor, Ansari Road, Darya ganj,bNew Delhie110002 a519 p.c22cm(hbk)bIndex aAparna Bhargava Dharwadker 2ddccENh792.0954kDHA 001040708NFICaBL4bBL4d2021-08-09eDBAD/PUBg2195.00l1o792.0954pEN-113217r2023-04-21 00:00:00s2023-04-01t1v2195.00yEN